[Event "Stay Safe Play From Home 362"]
[Site "Emanuel Lasker Arena"]
[Date "2020.08.06"]
[Round "1"]
[White "Gokerkan"]
[Black "Greblha"]
[Result "1-0"]
[WhiteElo "2591"]
[BlackElo "1960"]
[Annotator "TA"]
[PlyCount "83"]
[EventDate "2020.08.06"]
[EventType "swiss (blitz)"]

{[%evp 19,83,0,55,17,26,-52,-43,-94,-73,-136,-139,-134,83,-74,-31,-45,-45,-79,-73,-75,-31,-56,-25,-56,-46,-99,166,155,228,215,265,256,206,193,324,143,252,147,424,160,395,387,388,377,335,256,228,171,1159,1139,5402,5098,1416,988,29986,29975,29975,29976,29976,29977,29976,29977,29977,29977,29971,12019]} 1. e4 c6 2. d4 d5 3. exd5 cxd5 4. Nf3 Nc6 5. c3 g6 6. Bd3 Bg7 7. h3 Nh6 8. O-O O-O 9. Re1 f6 {9...Nf5 is the modern continuation. is the legacy move (9...Nf5).} 10. Bf4 Nf7 (10... e5 $11 11. dxe5 fxe5) 11. Bg3 {B13: Caro-Kann: Exchange Variation and Panov-Botvinnik Attack.} e5 12. dxe5 (12. c4 $1 $11) 12... fxe5 $15 13. Bb5 ({Better is} 13. Bc2 $1 $15) 13... e4 $17 14. Bxc6 (14. Nd4 $142 Qb6 15. Qb3) 14... bxc6 15. Nd4 {[#]} Bb7 $146 (15... Bd7 $17 {and life is bright. Threatens to win with ...Ne5.} 16. Nd2 Be5) ({Predecessor:} 15... Qf6 16. Qe2 a5 17. Nb3 Ba6 18. Qe3 Nh6 19. Qb6 Nf5 20. Bf4 Nh4 21. Bg3 Nf5 {0-1 (39) Tomazini,A (1600)-Aleksandrov,M (1928) Murska Sobota 2006}) 16. Nd2 $2 (16. Ne6 $16 {is necessary to keep the advantage.} Qb6 17. Nxf8 Rxf8 18. Qb3) 16... Re8 (16... Qe7 {seems wilder.} 17. Qb3 Rae8 18. Rad1 c5 19. Nb5 c4) 17. b4 Ne5 18. Bxe5 Bxe5 19. N2b3 Qc7 20. Na5 Re7 21. Qg4 Rae8 22. Rad1 ({White should try} 22. Nxb7 $15 Qxb7 23. Rad1) 22... Kg7 $2 {[%mdl 8192]} (22... Ba8 $17 {keeps the pressure on. Hoping for ...c5.} 23. Nab3 Rf7) 23. Nf5+ $1 $18 {[%mdl 64] [#] Double Attack} Kh8 (23... Kf7 $16 24. Nxe7 Rxe7) 24. Nxe7 Rxe7 25. Nxb7 Qxb7 26. Re3 Qc7 {[#]} (26... Kg7 $142 27. c4 a6) 27. Kh1 (27. c4 $1 $18 {has better winning chances.}) 27... Bf4 (27... Rf7 $16) 28. Re2 (28. Ree1 $18) 28... Qe5 $2 {[%mdl 8192] This move loses the game for Black.} (28... Kg7 $16 {might work better.} 29. Ree1 Be5) 29. f3 $2 (29. Qc8+ $18 {is more deadly.} Kg7 30. Qxc6) 29... g5 $2 (29... Kg7 $16) 30. fxe4 dxe4 31. Rd8+ Kg7 32. Rd4 {Black must now prevent g3!} e3 33. Qf3 Kf6 $2 (33... Qf5 34. Rd1 Qe6) 34. g3 {[%mdl 64] Pin} Re6 35. gxf4 gxf4 36. Rxf4+ Kg7 37. Rg2+ {White mates.} Rg6 38. Rf7+ Kh6 39. Qf4+ Qxf4 40. Rxg6+ Kxg6 41. Rxf4 e2 42. Re4 {Accuracy: White = 31%, Black = 21%.} 1-0

[Event "Stay Safe Play From Home 362"]
[Site "Emanuel Lasker Arena"]
[Date "2020.08.06"]
[Round "1"]
[White "Nuktotitakoi"]
[Black "SelamiSahin"]
[Result "1-0"]
[WhiteElo "2460"]
[BlackElo "2097"]
[Annotator "TA"]
[PlyCount "73"]
[EventDate "2020.08.06"]
[EventType "swiss (blitz)"]

{[%evp 11,73,51,30,35,43,-2,25,10,46,-7,189,187,245,238,249,255,274,260,252,219,202,208,285,287,274,186,199,77,222,86,371,177,181,122,221,196,179,175,271,268,279,280,354,354,343,366,419,414,415,408,429,391,418,385,359,276,29989,231,29988,29989,29989,29990,29991,29992]} 1. e4 c6 2. Nc3 d5 3. Nf3 Bg4 4. h3 Bh5 5. g4 Bg6 6. exd5 cxd5 7. d4 {B11: Caro-Kann: Two Knights Variation.} Nc6 8. Bb5 e6 9. Ne5 {White has an edge.} Qc7 10. h4 ({White should try} 10. Qe2 $14 Bb4 11. Bf4 Bxc3+ 12. bxc3) 10... Bd6 $2 {[#]} (10... f6 $1 $11 {and Black stays safe.} 11. Nxc6 (11. Nxg6 hxg6 12. Bd3 Bb4 $11) 11... bxc6) 11. h5 $1 $18 {[%cal Rh5g6]} Bxe5 (11... Be4 $142 12. f3 Bxe5) 12. hxg6 {[#]} ({Not} 12. dxe5 Qxe5+ 13. Kf1 Be4 $16) 12... fxg6 $146 ({Predecessor:} 12... Bd6 13. gxh7 Nf6 14. Be3 Rxh7 15. Rxh7 Nxh7 16. Qd3 Nf6 17. g5 Nd7 18. O-O-O O-O-O {0-1 (56) Saak,S (1084)-Stognief,O (1292) Willingen 2004}) 13. dxe5 Qxe5+ 14. Qe2 Qxe2+ 15. Kxe2 Nge7 16. Bg5 O-O 17. Bxe7 Nxe7 18. f3 Nc6 19. Bd3 (19. Bxc6 $18 {is more deadly.} bxc6 20. Na4) 19... Rad8 (19... Nd4+ $16 20. Ke3 Nxf3) 20. Kf2 (20. Rh3 $18) 20... e5 $2 {[%mdl 8192] [#]} (20... Ne5 $16) 21. Bb5 (21. Nxd5 $142 $1 {[%mdl 512] Strongly threatening Bc4.} Rxd5 22. Bc4) 21... e4 22. Rh3 (22. Rad1 $18) 22... a6 (22... Ne5 $16) 23. Bxc6 bxc6 24. Re1 exf3 (24... Rde8 $142 25. Ne2 exf3) 25. Rxf3 Rxf3+ 26. Kxf3 {[%mdl 4096] Endgame KRN-KR} Kf7 27. Na4 Rb8 28. b3 {[%cal Bb2b3,Bb3a4][%mdl 32]} Rb4 29. Nc5 a5 30. c3 Rb5 31. Nd3 a4 32. Ne5+ Kf6 33. bxa4 Rc5 $2 (33... Ra5 $18 34. Nxc6 Rc5) 34. Re3 $2 (34. Nd7+ {mates} Kg5 35. Nxc5 Kf6 36. a5 h5 37. a6 hxg4+ 38. Kxg4 g5 39. a7) 34... h5 $2 (34... Ra5 $18 35. Nxc6 Rxa4) 35. Nd7+ {[%mdl 64] Double Attack. White mates.} Kg5 36. Nxc5 hxg4+ 37. Kg3 {Accuracy: White = 46%, Black = 32%.} 1-0

[Event "Stay Safe Play From Home 362"]
[Site "Emanuel Lasker Arena"]
[Date "2020.08.06"]
[Round "1"]
[White "Lamborghini"]
[Black "NTBT_DHS"]
[Result "1/2-1/2"]
[WhiteElo "2295"]
[BlackElo "2606"]
[Annotator "TA"]
[PlyCount "118"]
[EventDate "2020.08.06"]
[EventType "swiss (blitz)"]

{[%evp 9,118,16,78,58,81,85,90,73,102,81,100,114,105,51,123,60,61,54,85,52,74,-40,35,6,109,11,156,55,50,51,123,-75,-56,-200,-169,-162,-162,-258,-47,-96,-110,-142,22,50,425,364,241,0,450,187,306,326,352,-81,-78,-60,-68,-150,-128,-225,-226,-333,-255,-221,-224,-251,-127,-137,-141,-118,74,54,5126,2814,1837,504,858,851,29967,2347,5118,1625,1244,1159,1110,1067,1379,1165,29987,29988,29988,29989,29990,29991,29991,29992,29992,29992,29993,29990,29990,29991,29991,29992,29993,29994,29994,29994,29994,29995,29996]} 1. e4 g6 2. d4 Bg7 3. Nc3 d6 4. Be3 Nd7 {[#]} 5. Qf3 $146 ({Predecessor:} 5. Nf3 a6 6. Bc4 e6 7. a4 Ne7 8. a5 O-O 9. Qd2 Nf6 10. Bd3 Ng4 11. Bg5 h6 12. Bh4 g5 13. h3 Ne5 14. dxe5 gxh4 15. exd6 cxd6 16. Nxh4 {1-0 (49) Hovhannisyan,R (2637)-Saric,I (2695) St Petersburg 2018}) 5... e6 (5... e5 $11 6. Bc4 Ngf6) 6. O-O-O {B06: Modern Defence.} Ne7 7. g4 a6 8. h4 {White is better.} b5 9. h5 Bb7 10. h6 Bf8 11. Bg2 (11. a3 $16) 11... Nb6 (11... b4 $14 12. Nce2 d5) 12. b3 (12. d5 $16 Nec8 13. b3) 12... b4 $14 13. Nce2 a5 14. Kb1 a4 15. Nc1 (15. Nh3 $16 {Threatens to win with Qf6.} Nc6 16. Ng5) 15... axb3 ({Black should play} 15... f5 $15 16. d5 fxe4) 16. cxb3 Ra5 (16... Nec8 $11) 17. Nge2 (17. Nh3 $1 $16) 17... f5 (17... Nd7 $11 {keeps the balance.}) 18. gxf5 (18. d5 $1 $16) 18... exf5 19. Ng3 Qd7 (19... Ned5 $14 20. Bd2 fxe4 21. Nxe4 (21. Qxe4+ Be7 $15) 21... Be7) 20. Qf4 $2 (20. Bd2 $16 {keeps the pressure on.}) 20... fxe4 $17 21. Bxe4 (21. Bd2 $15) 21... Nbd5 22. Qf3 Nc3+ {[%mdl 64] Double Attack} 23. Kb2 (23. Ka1 $142 Qe6 24. d5 (24. Bxb7 Qxb3 {[%mdl 64] Double Attack, Pin} 25. Qc6+ Nxc6 26. Bxc6+ Kd8 27. Bg5+ Kc8 28. Bd7+ Kxd7 29. Nxb3 Rxa2#) 24... Nexd5 25. Rde1 Nxe3 26. Qxe3 Nxe4 27. Nxe4 Bxe4 28. Qxe4 Qxe4 29. Rxe4+ Kd7 30. Rxb4) 23... d5 $2 (23... Nxd1+ 24. Rxd1 d5 25. Qf6 $17) (23... Bxe4 $1 $19 24. Nxe4 Qf5 25. Nf6+ Kf7 $1 {[%mdl 512]} 26. Qxf5 Nxf5) 24. Bb1 {Black should prevent Rde1.} Nxd1+ 25. Rxd1 {[#]} Ra6 $2 ({But not} 25... Qc6 26. Bd2 $15) ({Better is} 25... Nc6 $1 $17 {Hoping for ...Bd6.} 26. Nd3 Qf7 27. Qxf7+ Kxf7) 26. Nd3 $11 Rd6 $2 {[%mdl 8192]} (26... Nf5 $14) 27. Ne5 $18 Qe6 28. Rc1 $2 (28. Bg5 $18) 28... c6 $2 {[%mdl 8192]} (28... Nc6 $11 29. Nd3 Be7) 29. Ne2 (29. Bg5 $142) 29... Nf5 (29... Qf6 $142) 30. Nf4 Qf6 {[#]} 31. Nfd3 $2 (31. Nh5 $1 $18 {[%cal Rh5f6][%mdl 512]} Qe6 (31... gxh5 32. Qxh5+) 32. Re1 (32. Bxf5 Qxf5 33. Ng7+ Bxg7 $11)) 31... Nxe3 ({Stronger than} 31... Bxh6 32. Ng4 $16) 32. Qxe3 Be7 33. Nc5 (33. Re1 $15) 33... Bc8 $17 34. Ned3 (34. Bc2 $17) 34... O-O $19 35. Qe5 (35. f4 {was necessary.}) 35... Qxe5 36. dxe5 Rdd8 37. f4 Bf5 (37... Rde8 $19 38. Nxb4 Rxf4 39. Nxc6 Rf2+ 40. Ka3 Bf8) 38. Nxb4 $17 Bxb1 39. Kxb1 Rxf4 $2 (39... Bxc5 $17 {and life is bright.} 40. Rxc5 Rxf4 41. Nxc6 Re8) 40. Nxc6 $16 {[%mdl 64] Double Attack} Rb4 $2 {[%mdl 8192] Black is now going downhill.} (40... Bxc5 $14 41. Nxd8 Be3) 41. Nxe7+ $18 Kf7 42. Nd3 (42. Nc6 $142 Rb6 43. Nxd8+ Ke7 44. Ncb7 Rxb7 45. Nxb7) 42... Rbb8 (42... Rh4 $142 43. Rc7 Ke6) 43. Nc6 Re8 44. Nxb8 (44. Rf1+ $142 Kg8 45. Nxb8 Rxb8 46. Kc2 g5 47. a4 Rc8+ 48. Kd2 g4 49. a5) 44... Rxb8 {[%mdl 4096] Endgame KRN-KR} 45. Rc7+ Ke6 46. Rc6+ Kf5 47. Rf6+ Ke4 48. Nc5+ Kxe5 49. Nd7+ {[%mdl 64] Double Attack. White mates.} Kd4 50. Nxb8 g5 51. Rf7 g4 52. Rxh7 Ke3 53. Rg7 Kf4 {[#]} 54. Rxg4+ $1 {[%mdl 64] Promotion} Kxg4 {KN-KP} 55. Nc6 Kf3 56. h7 Ke2 57. h8=Q d4 58. Qxd4 Kf3 59. Ne5+ Ke2 {[%mdl 32768] Accuracy: White = 34%, Black = 30%. . An unexpected result.} 1/2-1/2

[Event "Stay Safe Play From Home 362"]
[Site "Emanuel Lasker Arena"]
[Date "2020.08.06"]
[Round "1"]
[White "SoulofWolf"]
[Black "Haris kollari 13"]
[Result "1-0"]
[WhiteElo "2284"]
[BlackElo "1725"]
[Annotator "NA RC"]
[PlyCount "91"]
[EventDate "2020.08.06"]
[EventType "swiss (blitz)"]

1. d4 {[%emt 0:00:00]} d5 {[%emt 0:00:01]} 2. Nf3 {[%emt 0:00:00]} c5 {[%emt 0:00:01]} 3. c3 {[%emt 0:00:02]} Nc6 {[%emt 0:00:01]} 4. e3 {[%emt 0:00:01]} f6 {[%emt 0:00:00]} 5. Bd3 {[%emt 0:00:01]} c4 {[%emt 0:00:01]} 6. Bc2 {[%emt 0:00:01]} e5 {[%emt 0:00:02]} 7. h3 {[%emt 0:00:00]} e4 {[%emt 0:00:01]} 8. Nfd2 {[%emt 0:00:01]} f5 {[%emt 0:00:01]} 9. Nf1 {[%emt 0:00:00]} b5 {[%emt 0:00:01]} 10. b3 {[%emt 0:00:00]} Bb7 {[%emt 0:00:01]} 11. a4 {[%emt 0:00:00]} a6 {[%emt 0:00:01]} 12. bxc4 {[%emt 0:00:02]} bxc4 {[%emt 0:00:01]} 13. Ng3 {[%emt 0:00:03]} Qd7 {[%emt 0:00:02]} 14. Qh5+ {[%emt 0:00:01]} g6 {[%emt 0:00:01]} 15. Qe2 {[%emt 0:00:02]} Bd6 {[%emt 0:00:01]} 16. Na3 {[%emt 0:00:01]} Nf6 {[%emt 0:00:02]} 17. Bd2 {[%emt 0:00:02]} Qc7 {[%emt 0:00:01]} 18. Nf1 {[%emt 0:00:02]} O-O {[%emt 0:00:02]} 19. f3 {[%emt 0:00:01]} Rfb8 {[%emt 0:00:02]} 20. f4 {[%emt 0:00:01]} Bc8 {[%emt 0:00:01]} 21. Bd1 {[%emt 0:00:02]} Nh5 {[%emt 0:00:02]} 22. Qf2 {[%emt 0:00:01]} Ng7 {[%emt 0:00:02]} 23. g4 {[%emt 0:00:01]} Qe7 {[%emt 0:00:01]} 24. Ng3 {[%emt 0:00:02]} Bxa3 {[%emt 0:00:02]} 25. O-O {[%emt 0:00:03]} fxg4 {[%emt 0:00:01]} 26. hxg4 {[%emt 0:00:01]} Bb2 {[%emt 0:00:03]} 27. Rb1 {[%emt 0:00:01]} Na5 {[%emt 0:00:02]} 28. Kg2 {[%emt 0:00:02]} Ba3 {[%emt 0:00:01]} 29. Ra1 {[%emt 0:00:01]} Bb2 {[%emt 0:00:02]} 30. Rb1 {[%emt 0:00:01]} Ba3 {[%emt 0:00:01]} 31. Rh1 {[%emt 0:00:03]} Rxb1 {[%emt 0:00:02]} 32. Qg1 {[%emt 0:00:02]} Rab8 {[%emt 0:00:01]} 33. Qh2 {[%emt 0:00:00]} Ne8 {[%emt 0:00:01]} 34. f5 {[%emt 0:00:02]} gxf5 {[%emt 0:00:02]} 35. Nxf5 {[%emt 0:00:01]} Bxf5 {[%emt 0:00:01]} 36. gxf5 {[%emt 0:00:00]} Qg7+ {[%emt 0:00:01]} 37. Qg3 {[%emt 0:00:02]} Qxg3+ {[%emt 0:00:02]} 38. Kxg3 {[%emt 0:00:00]} R1b2 {[%emt 0:00:01]} 39. Bc1 {[%emt 0:00:02]} Ra2 {[%emt 0:00:01]} 40. Bxa3 {[%emt 0:00:02]} Rxa3 {[%emt 0:00:01]} 41. Rg1 {[%emt 0:00:00]} Rxc3 {[%emt 0:00:01]} 42. Kf4+ {[%emt 0:00:00]} Kf7 {[%emt 0:00:01]} 43. Bh5+ {[%emt 0:00:00]} Kf6 {[%emt 0:00:02]} 44. Rg4 {[%emt 0:00:02]} Rbb3 {[%emt 0:00:02]} 45. Rh4 {[%emt 0:00:00]} Nd6 {[%emt 0:00:01]} 46. Kg4 {[%emt 0:00:02] Time Time Time Time Time (Lag: Av=0.38s, max=1.0s) (Lag: Av=0.38s, max=1.0s) (Lag: Av=0.38s, max=1.0s) (Lag: Av=0.38s, max=1.0s) (Lag: Av=0.38s, max=1.0s) ' ' ' ' '} 1-0

[Event "Stay Safe Play From Home 362"]
[Site "Emanuel Lasker Arena"]
[Date "2020.08.06"]
[Round "1"]
[White "Stefanone"]
[Black "Uber_WING"]
[Result "0-1"]
[WhiteElo "1946"]
[BlackElo "2422"]
[Annotator "TA"]
[PlyCount "84"]
[EventDate "2020.08.06"]
[EventType "swiss (blitz)"]

{[%evp 9,84,-5,-5,0,-8,-6,8,2,8,6,10,-25,14,-61,-20,-16,5,-87,56,47,98,81,260,-463,-449,-421,-352,-29987,-29988,-29988,-29989,-29989,-720,-735,-728,-1204,-1079,-29992,-1031,-1031,-1014,-1263,0,-111,-105,-126,-108,-314,753,750,889,867,1069,-354,-303,-358,-347,-287,-269,-344,-295,-467,-394,-570,-404,-404,-345,-641,-574,-1533,-1411,-2337,-1852,-1231,-78,-1560,-1353]} 1. d4 c5 2. e3 cxd4 3. exd4 d5 4. Nf3 Nf6 5. b3 Nc6 6. Bb2 {D04: Colle System.} Bf5 7. Bd3 Bg6 8. Bxg6 {The position is equal.} hxg6 9. O-O e6 {[#]} 10. Ne5 $146 ({Predecessor:} 10. a3 b5 11. b4 Bd6 12. Bc1 a5 13. bxa5 Nxa5 14. Bg5 Nc4 15. Qc1 b4 16. a4 Qc7 17. Bh4 Rxh4 18. Nxh4 Bxh2+ 19. Kh1 O-O-O 20. Qg5 Bf4 {0-1 (20) Reyes Cortes,R (1576)-Alascio Ruiz,J ICCF email 2016}) 10... Qc7 11. f4 (11. Nd2 $11) 11... Bd6 (11... g5 $5) 12. Nd2 O-O-O 13. Ndf3 (13. Qe2 $11) 13... Kb8 (13... Ne4 $17 {Threatens to win with ...f6.} 14. g3 Bxe5 15. dxe5 Kb8) 14. Ng5 $14 Ne4 (14... Bxe5 $14 15. fxe5 Rd7) 15. Ngxf7 $16 {[%mdl 64] Double Attack} Bxe5 $2 (15... g5 $16 {was necessary.}) 16. Nxd8 $4 {[%mdl 8192]} ({And not} 16. Nxe5 g5 $11) (16. fxe5 $18 {is the narrow road to win.} Qb6 17. h3) 16... Bxf4 $19 17. Nxc6+ bxc6 18. Rxf4 $2 (18. Rf3 $19 Bxh2+ 19. Kf1) 18... Qxf4 19. Qf3 Qxh2+ 20. Kf1 Qd6 (20... Nd2+ $142 21. Kf2 Nxf3 {[%mdl 64] Pin} 22. Bc3 Qf4 23. Ke2 Qe4+ {[%mdl 64] Double Attack} 24. Kf2 Nh4 25. Rg1 Rf8+ 26. Kg3 Nf5+ {[%mdl 64] Double Attack} 27. Kf2 Qe3+ {[%mdl 64] Double Attack} 28. Kf1 Nxd4#) 21. Ke2 Rf8 22. Qg4 Rf2+ 23. Kd1 Rd2+ (23... Qh2 $142 24. Bc3 Qh1+ 25. Be1 Rd2+ {[%mdl 64] Double Attack} 26. Kc1 Qxe1+ 27. Qd1 Rxd1+ 28. Kb2 Rxa1 29. Ka3 Qa5+ 30. Kb2 Qxa2#) 24. Kc1 Qh2 25. Kb1 Qd6 $2 (25... Rxg2 $19 {( -> ...Nd2+)} 26. Qxg2 Qxg2) 26. Bc1 (26. Kc1 $1 $11) 26... Rf2 $40 {[%mdl 128] Black attacks with force.} 27. Qxg6 Qe7 28. Qg4 $2 (28. a4 $17) 28... Nf6 $4 {[%mdl 8192]} (28... e5 $19 29. a4 exd4) 29. Qg3+ $18 {[%mdl 64] Double Attack} Qc7 30. Qxf2 {And now Bf4 would win.} Ne4 31. Qd2 $4 {[%mdl 8192]} (31. Qf8+ $18 Kb7 32. Bf4) 31... Nxd2+ $19 32. Bxd2 {[%mdl 4096] Endgame KQ-KRB} Qg3 33. Kb2 Qxg2 34. Rd1 Qe4 35. Kc1 (35. Be1 $142) 35... Kb7 36. c4 (36. Bg5 {was worth a try.}) 36... g5 37. cxd5 Qxd5 38. Kc2 $2 (38. Rg1) 38... g4 39. Bc3 g3 40. Rg1 g2 41. Re1 Qe4+ $2 (41... Qf5+ $19 {and Black stays clearly on top.} 42. Kd2 Qf2+ 43. Kd3 {[#]} Qxe1 $1 {[%mdl 576] Remove Defender, Promotion} 44. Bxe1 g1=Q) 42. Kb2 $2 {[%mdl 8192] [#]} (42. Rxe4 $17 g1=Q 43. Re1 Qf2+ 44. Kb1) 42... Qxe1 $1 {[%mdl 576] Remove Defender, Promotion. Accuracy: White = 29%, Black = 42%.} 0-1

[Event "Stay Safe Play From Home 362"]
[Site "Emanuel Lasker Arena"]
[Date "2020.08.06"]
[Round "1"]
[White "Padmaesh M K"]
[Black "Eidgenosse"]
[Result "0-1"]
[WhiteElo "1792"]
[BlackElo "2474"]
[Annotator "TA"]
[PlyCount "114"]
[EventDate "2020.08.06"]
[EventType "swiss (blitz)"]

{[%evp 9,113,14,31,15,18,14,25,23,29,30,13,-18,0,-52,-19,-136,-129,-132,-118,-214,-203,-203,-149,-152,-166,-207,-191,-261,-200,-235,-200,-192,-195,-232,-150,-146,-139,-155,-154,-153,-141,-154,-164,-159,-94,-192,-192,-192,-192,-190,-186,-342,-317,-302,-302,-289,-295,-289,-284,-270,-229,-222,-214,-207,-111,-207,-207,-1057,-1039,-1781,-1675,-5077,-268,-2923,-262,-2112,-2011,-29961,-29968,-29966,-29967,-29967,-29966,-29970,-29971,-29971,-29972,-29972,-29972,-29973,-29974,-29971,-29974,-29993,-29994,-29996,-29997,-29997,-29996,-29996,-29997,-29997,-29998,-29998,-29999,-29999]} 1. d3 d6 2. e4 Nd7 3. Nf3 g6 4. Be3 Bg7 5. Nc3 {[#]} c5 $146 ({Predecessor:} 5... Ngf6 6. Be2 O-O 7. O-O c6 8. Nd5 cxd5 9. exd5 Nxd5 10. Bg5 N5f6 11. Bxf6 Bxf6 {0-1 (29) Downing,P-Leventhal,J Fort Lauderdale 2004}) 6. Be2 {B07: Pirc Defence: Miscellaneous Systems.} Ngf6 7. d4 cxd4 8. Nxd4 {White has an edge.} O-O 9. O-O a6 10. f4 Rb8 11. Nf3 (11. a4 $11) 11... Qc7 12. e5 (12. Ba7 $11) 12... dxe5 $17 13. fxe5 Nxe5 14. Bf4 (14. Nxe5 $17 Qxe5 15. Bf4 Qc5+ 16. Kh1) 14... Nxf3+ $19 15. Rxf3 Qb6+ 16. Kh1 Ra8 17. Be3 Qxb2 18. Na4 (18. Bd4 $142 Qb4 19. Bxf6 exf6 20. Nd5) 18... Qb4 19. c3 Qd6 20. Nb6 {Black must now prevent Qxd6.} Rb8 21. Bf4 Qxd1+ 22. Rxd1 Bg4 23. Bxb8 Bxf3 ({Much less strong is} 23... Rxb8 24. Re3 $15) 24. Bxf3 {Threatens to win with Bc7.} Rxb8 25. Nd7 Nxd7 26. Rxd7 Bxc3 (26... e6 $142 27. Bxb7 Bxc3) 27. Rxb7 (27. Rxe7 $17 {was the only defense.} b6 28. Bd5) 27... Rxb7 28. Bxb7 $17 {[%mdl 4096] Endgame [#] KB-KB} a5 $1 29. Ba6 f5 30. a4 $2 (30. Kg1) 30... Kf7 31. Bc4+ Kf6 32. Kg1 Ke5 33. Kf2 h6 34. Ke3 Bd4+ 35. Kd3 Bc5 36. h3 g5 ({Black should try} 36... Kf4 $19 37. Bf7 Kg5) 37. Ba6 (37. g4 $17 {was necessary.}) 37... Kf4 $19 38. Bb7 $2 (38. Bc4) 38... e5 39. Ke2 e4 40. Kf1 Ke3 $2 (40... h5 41. Bc8 Bd6) 41. Ba6 $2 (41. Bc8) 41... Kd4 $2 (41... h5 42. Bb5 f4) 42. Bb5 $2 {[#]} (42. Be2) 42... h5 $1 43. Ba6 g4 {Black mates.} 44. hxg4 hxg4 45. Bc8 Ke5 46. Ba6 g3 47. Bb5 f4 48. Ba6 Kd4 49. Bb7 Ke3 50. Ba6 f3 51. gxf3 exf3 52. Bb7 g2+ 53. Kg1 Ke2+ 54. Kh2 g1=Q+ 55. Kh3 Qg2+ 56. Kh4 Be7+ 57. Kh5 Qg5# {Accuracy: White = 40%, Black = 68%.} 0-1

[Event "Stay Safe Play From Home 362"]
[Site "Emanuel Lasker Arena"]
[Date "2020.08.06"]
[Round "1"]
[White "Ao017545"]
[Black "Sfantul321"]
[Result "0-1"]
[WhiteElo "1558"]
[BlackElo "1973"]
[Annotator "NA RC"]
[PlyCount "78"]
[EventDate "2020.08.06"]
[EventType "swiss (blitz)"]

1. e4 {[%emt 0:00:02]} g6 {[%emt 0:00:00]} 2. Nf3 {[%emt 0:00:01]} Bg7 {[%emt 0:00:00]} 3. Bc4 {[%emt 0:00:02]} d6 {[%emt 0:00:00]} 4. d4 {[%emt 0:00:01]} Nc6 {[%emt 0:00:00]} 5. Ng5 {[%emt 0:00:00]} e6 {[%emt 0:00:01]} 6. Qf3 {[%emt 0:00:03]} Qe7 {[%emt 0:00:04]} 7. Nc3 {[%emt 0:00:03]} Nxd4 {[%emt 0:00:01]} 8. Qd1 {[%emt 0:00:02]} h6 {[%emt 0:00:02]} 9. Nf3 {[%emt 0:00:03]} Nc6 {[%emt 0:00:01]} 10. O-O {[%emt 0:00:04]} Nf6 {[%emt 0:00:01]} 11. Re1 {[%emt 0:00:02]} O-O {[%emt 0:00:01]} 12. e5 {[%emt 0:00:00]} dxe5 {[%emt 0:00:01]} 13. Rxe5 {[%emt 0:00:01]} Nxe5 {[%emt 0:00:01]} 14. Nxe5 {[%emt 0:00:00]} Qd6 {[%emt 0:00:01]} 15. Qxd6 {[%emt 0:00:10]} cxd6 {[%emt 0:00:01]} 16. Nf3 {[%emt 0:00:00]} d5 {[%emt 0:00:01]} 17. Be2 {[%emt 0:00:01]} a6 {[%emt 0:00:01]} 18. Bf4 {[%emt 0:00:01]} b5 {[%emt 0:00:01]} 19. Bd6 {[%emt 0:00:01]} Re8 {[%emt 0:00:01]} 20. Bc5 {[%emt 0:00:01]} Bb7 {[%emt 0:00:01]} 21. Ne5 {[%emt 0:00:01]} Ne4 {[%emt 0:00:02]} 22. Nxe4 {[%emt 0:00:02]} Bxe5 {[%emt 0:00:02]} 23. Nd6 {[%emt 0:00:00]} Bxd6 {[%emt 0:00:02]} 24. Bxd6 {[%emt 0:00:00]} Red8 {[%emt 0:00:00]} 25. Be7 {[%emt 0:00:01]} Rdc8 {[%emt 0:00:01]} 26. Bf6 {[%emt 0:00:01]} Rxc2 {[%emt 0:00:02]} 27. Bd3 {[%emt 0:00:02]} Rc7 {[%emt 0:00:02]} 28. Be5 {[%emt 0:00:02]} Rc6 {[%emt 0:00:01]} 29. Bf6 {[%emt 0:00:00]} Rac8 {[%emt 0:00:01]} 30. Re1 {[%emt 0:00:01]} Rc1 {[%emt 0:00:01]} 31. Rf1 {[%emt 0:00:05]} Rxf1+ {[%emt 0:00:02]} 32. Kxf1 {[%emt 0:00:00]} Rc1+ {[%emt 0:00:01]} 33. Ke2 {[%emt 0:00:00]} Ra1 {[%emt 0:00:00]} 34. a3 {[%emt 0:00:02]} Rh1 {[%emt 0:00:01]} 35. h3 {[%emt 0:00:01]} Rg1 {[%emt 0:00:01]} 36. g3 {[%emt 0:00:01]} Rh1 {[%emt 0:00:01]} 37. h4 {[%emt 0:00:01]} Kf8 {[%emt 0:00:01]} 38. Bc3 {[%emt 0:00:00]} Ke7 {[%emt 0:00:01]} 39. Kf3 {[%emt 0:00:00]} f6 {[%emt 0:00:02] Zaman Zaman Zaman Zaman Zaman (Lag: Av=0.54s, max=1.6s) (Lag: Av=0.54s, max=1.6s) (Lag: Av=0.54s, max=1.6s) (Lag: Av=0.54s, max=1.6s) (Lag: Av=0.54s, max=1.6s)} 0-1

[Event "Stay Safe Play From Home 362"]
[Site "Emanuel Lasker Arena"]
[Date "2020.08.06"]
[Round "1"]
[White "Klasman"]
[Black "AChessPlayer"]
[Result "0-1"]
[WhiteElo "1402"]
[BlackElo "2435"]
[Annotator "TA"]
[PlyCount "34"]
[EventDate "2020.08.06"]
[EventType "swiss (blitz)"]

{[%evp 9,34,-16,-11,-7,-11,-70,-56,-301,-289,-433,-378,-576,-584,-689,-706,-947,-975,-956,-949,-2139,-2100,-29992,-29993,-29993,-29994,-29997,-29996]} 1. f4 d5 2. e3 g6 3. c4 dxc4 4. Bxc4 Bg7 {[#]} 5. Qb3 $146 ({Predecessor:} 5. Nf3 Nf6 6. Nc3 O-O 7. O-O b6 8. b3 Bb7 9. Bb2 c5 10. Qc2 Nc6 11. Rad1 {1-0 (19) Winkler,W (1839)-Schoemig,A (1894) Mittelfranken 2007}) 5... e6 6. Nf3 {A03: Bird's Opening with 1...d5.} Ne7 7. Ng5 (7. d4 $11) 7... c5 8. Nxf7 $2 {[#]} ({White should play} 8. Qb5+ $15 Nd7 9. O-O) 8... Kxf7 $19 9. g4 (9. Nc3 $142) 9... Nbc6 10. f5 (10. Be2 $142) 10... gxf5 11. gxf5 Nxf5 12. O-O Qg5+ 13. Kh1 Na5 14. Bxe6+ Bxe6 15. Qa3 Bd5+ {Black mates.} 16. e4 Bxe4+ 17. Rf3 Qg4 {[%mdl 64] Pin. White did not feel at home in the position after the opening.} 0-1